Top 30 NBA 2K Ratings for the Past 3 Years - Statistics

General Stats
  • This quiz has been taken 171 times
  • The average score is 28 of 30
Answer Stats
# Team Answer 2K21 2K22 2K23 Combined Ratings % Correct
2 Lakers LeBron James 96 96 97 289
100%
1 Bucks Giannis Antetokounmpo 96 97 97 290
99%
4 76ers Joel Embiid 95 96 97 288
99%
7 Mavericks Luka Doncic 94 95 97 286
99%
3 Nuggets Nikola Jokic 95 96 97 288
99%
6 Warriors Stephen Curry 96 96 96 288
99%
11 Lakers Anthony Davis 93 90 94 277
98%
13 Suns Devin Booker 90 91 92 273
98%
9 Celtics Jayson Tatum 90 93 95 278
98%
5 Suns Kevin Durant 96 96 96 288
98%
12 Heat Jimmy Butler 91 93 93 277
97%
8 Clippers Kawhi Leonard 95 94 92 281
96%
19 Hawks Trae Young 89 90 89 268
96%
10 Trailblazers Damian Lillard 94 89 95 278
95%
16 Grizzlies Ja Morant 85 93 92 270
95%
22 Clippers Paul George 88 88 89 265
95%
17 Pelicans Zion Williamson 89 87 92 268
95%
26 Timberwolves Karl-Anthony Towns 87 89 86 262
94%
15 Mavericks Kyrie Irving 91 89 91 271
94%
20 Thunder Shai Gilgeous-Alexander 86 87 94 267
94%
24 Wizards Bradley Beal 89 87 87 263
93%
21 Suns Chris Paul 90 90 87 267
93%
14 76ers James Harden 94 89 90 273
93%
18 Cavaliers Donovan Mitchell 88 88 92 268
92%
23 Celtics Jaylen Brown 86 87 90 263
91%
25 Bulls Zach LaVine 87 88 87 262
91%
27 Kings Domantas Sabonis 86 86 89 261
90%
28 Bulls DeMar DeRozan 85 89 87 261
89%
29 Heat Bam Adebayo 86 87 87 260
88%
30 Timberwolves Rudy Gobert 88 88 84 260
87%
No matching quizzes found
Score Distribution
Percent of People with Each Score
Percentile by Number Answered
Your Score History
You have not taken this quiz